A könyvtárhasználat nem csak kölcsönzést jelent
Elmentve itt :
| Szerző: | |
|---|---|
| Dokumentumtípus: | Cikk |
| Megjelent: |
2006-05-15
|
| Sorozat: | Délmagyarország
96 No. 112 |
| Kulcsszavak: | Szeged, Könyvtári szolgáltatás számítógépes kölcsönzés, Egyetemi Könyvtár Szeged |
| Online Access: | http://dmarchiv.bibl.u-szeged.hu/136277 |
| LEADER | 00552nab a2200157 i 4500 | ||
|---|---|---|---|
| 001 | delm136277 | ||
| 005 | 20191217082753.0 | ||
| 008 | 191217s2006 hu o 0|| hun d | ||
| 040 | |a SZTE Délmagyarország Archívum |b hun | ||
| 041 | |a hun | ||
| 100 | 1 | |a Bakonyi Géza | |
| 245 | 1 | 2 | |a A könyvtárhasználat nem csak kölcsönzést jelent |h [elektronikus dokumentum] / |c Bakonyi Géza |
| 260 | |c 2006-05-15 | ||
| 300 | |a 12 | ||
| 490 | 0 | |a Délmagyarország |v 96 No. 112 | |
| 695 | |a Szeged, Könyvtári szolgáltatás számítógépes kölcsönzés, Egyetemi Könyvtár Szeged | ||